Axwell / Ingrosso - More than you know lyrics - Statistics

General Stats
  • This quiz has been taken 107 times
  • The average score is 262 of 318
Answer Stats
Answer % Correct
I
100%
know
100%
more
100%
than
100%
you
100%
You
100%
it
95%
just
94%
get
92%
my
92%
a
90%
chest
90%
the
90%
Yeah,
90%
off
89%
to
89%
best
85%
your
85%
Your
85%
baby,
84%
need
81%
should
81%
that
81%
you're
81%
over,
74%
until
74%
miles
71%
say
71%
coming,
69%
saw
69%
ain't
68%
Ain't
68%
away
68%
from
68%
got
66%
me
66%
she
65%
Cause
63%
for
61%
up
61%
better
60%
speak
60%
had
58%
on
58%
something
58%
if
56%
see
56%
sings
56%
But
55%
and
52%
Come
52%
smile
52%
No
50%
reasons,
50%
let
48%
morning
48%
taste
48%
way
48%
eyes
47%
anywhere
42%
light
42%
little
42%
sweet
42%
closer,
40%
pure
40%
would
40%
tonight
39%
back
37%
can
37%
like
37%
going
35%
knees
35%
look
35%
are
34%
few
34%
yours
34%
where
32%
fire
31%
free
31%
never
31%
tame
29%
set
27%
they
27%
down
26%
Right
26%
begging,
23%
intentions
23%
wanted,
23%
good
21%
pretty
21%
No matching quizzes found
Score Distribution
Percent of People with Each Score
Percentile by Number Answered
Your Score History
You have not taken this quiz